000 00729nam a2200217Ia 4500
005 20241129110927.0
008 241129s9999||||xx |||||||||||||| ||und||
020 _a81-88473-59-6
037 _aTB
040 _aCRL
_bhin
_cCRL
041 _ahin
_2hin
084 _aO152,3x Q8
_qCRL
100 _aसेठी, रेखा, संपा.
245 0 _aकालजयी हिन्दी कहानियॉं
_cसेठी, रेखा, संपा.
260 _aनई दिल्ली, भारत
_bअरूणोदय प्रकाशन
_c2014
300 _a172पृ0
365 _aINR
_b75
650 _aHindi Literature
_923866
942 _cTB
_hO152,3x Q8
999 _c1228132
_d1228132